00861nam a2200205 a 450000100100000000500170001000800410002704000250006808200150009310000320010824501250014026000430026530000210030850000740032950000580040350400310046170000330049295201130052599900170063800004550320201002052302.0150410s2013 py 000 0 spa d aDO-SdBNPbspacBNPHU axxxxbxxxx1 aRiera Hunter, Marcos97355713aLa independencia del poder judicial :bderecho paraguayo y comparado /cMarcos Riera Hunter ; introducción Soto Nieto. aAsunción, Paraguay :bLa Ley,c2013. a338 p. ;c22 cm. aIncluye referencias bibliográficas y notas al pie de las páginas. aIncluye datos biográficos del autor en las solapas. aBibliografía : p.315-32712aNieto, Soto,eintrod.973558 001050718MOaPDbPDcCTd2015-04-10iLF1l0oxxxx xxxxp45503-10r2020-06-25w2020-06-25y1ZNo se presta c44992d44992